[Event "OLSW 1819 SC Heimbach-Weis-Neuwied - SV"]
[Site "?"]
[Date "2019.01.20"]
[Round "5.4"]
[White "Puth, Dieter"]
[Black "Ollenberger, Roland"]
[Result "1/2-1/2"]
[WhiteElo "2215"]
[BlackElo "2272"]
[PlyCount "64"]
[EventDate "2019.??.??"]

1. d4 g6 2. c4 Bg7 3. e4 d6 4. Nc3 Nf6 5. Nf3 O-O 6. Be2 Bg4 7. Be3 Nbd7 8. O-O
c6 9. Rc1 Qc7 10. Ne1 Bxe2 11. Qxe2 e5 12. d5 c5 13. Nd3 a6 14. a3 Rab8 15. f3
b5 16. cxb5 axb5 17. b4 c4 18. Nb2 Nh5 19. a4 bxa4 20. Ncxa4 Rxb4 21. Rxc4 Qb8
22. Rxb4 Qxb4 23. Qc4 Rb8 24. Qxb4 Rxb4 25. Rc1 Bf8 26. Rc7 Nhf6 27. Rc4 Rb3
28. Kf2 Kg7 29. Ke2 Be7 30. Rc3 Rb4 31. Rc4 Rb3 32. Rc3 Rb4 1/2-1/2

[Event "OLSW 1819 SC Heimbach-Weis-Neuwied - SV"]
[Site "?"]
[Date "2019.01.20"]
[Round "5.5"]
[White "Helbig, Daniel"]
[Black "Ronge, Tim Hendrick"]
[Result "1/2-1/2"]
[WhiteElo "2226"]
[BlackElo "2069"]
[PlyCount "35"]
[EventDate "2019.??.??"]

1. e4 c5 2. Nc3 Nc6 3. g3 g6 4. Bg2 Bg7 5. d3 e6 6. Be3 d6 7. Qd2 Nd4 8. Nd1
Ne7 9. c3 Ndc6 10. Bh6 Bxh6 11. Qxh6 d5 12. Ne3 Qb6 13. Nf3 dxe4 14. dxe4 Qxb2
15. O-O Qxc3 16. Rac1 Ng8 17. Qf4 Qf6 18. Qd6 1/2-1/2

[Event "OLSW 1819 SC Heimbach-Weis-Neuwied - SV"]
[Site "?"]
[Date "2019.01.20"]
[Round "5.6"]
[White "Roos, Thomas"]
[Black "Martin, Mike"]
[Result "0-1"]
[WhiteElo "2155"]
[BlackElo "2146"]
[PlyCount "57"]
[EventDate "2019.??.??"]

1. d4 e6 2. c4 c5 3. d5 b5 4. cxb5 Nf6 5. Nc3 exd5 6. Nxd5 Bb7 7. e4 Nxe4 8.
Bc4 Bd6 9. Nf3 O-O 10. O-O a6 11. b6 Kh8 12. Re1 f5 13. a4 a5 14. Ra3 Na6 15.
Rd3 Rc8 16. b3 Bb8 17. Bb2 Rc6 18. Ne3 Rd6 19. Rxd6 Bxd6 20. Qa1 Qe7 21. Nd5
Bxd5 22. Bxd5 Nb4 23. Qd1 Nxd5 24. Qxd5 Qe6 25. Qxe6 dxe6 26. Ne5 c4 27. Nxc4
Bc5 28. Kf1 Rd8 29. b7 0-1

[Event "OLSW 1819 SC Heimbach-Weis-Neuwied - SV"]
[Site "?"]
[Date "2019.01.20"]
[Round "5.7"]
[White "Dausch, Rene"]
[Black "Fink, Christian"]
[Result "1/2-1/2"]
[WhiteElo "2240"]
[BlackElo "2149"]
[PlyCount "63"]
[EventDate "2019.??.??"]

1. e4 c5 2. Nf3 d6 3. Bb5+ Bd7 4. Bxd7+ Qxd7 5. c4 Nc6 6. Nc3 g6 7. d4 cxd4 8.
Nxd4 Bg7 9. Be3 Ne5 10. b3 Ng4 11. Bg5 Qc8 12. Na4 h6 13. Bf4 N8f6 14. f3 O-O
15. Bc1 Ne5 16. Be3 Nfd7 17. O-O Nc5 18. Nc3 Kh7 19. Qe2 Nc6 20. Rfd1 Ne6 21.
Nxc6 bxc6 22. Rac1 c5 23. Qd2 Bd4 24. Ne2 Bxe3+ 25. Qxe3 a5 26. e5 dxe5 27.
Qxe5 a4 28. f4 Ng7 29. Ng3 axb3 30. axb3 Ra2 31. Ra1 Rd8 32. Re1 1/2-1/2

[Event "OLSW 1819 SC Heimbach-Weis-Neuwied - SV"]
[Site "?"]
[Date "2019.01.20"]
[Round "5.8"]
[White "Kertesz, Alfred"]
[Black "Musiolik, David"]
[Result "0-1"]
[WhiteElo "2241"]
[BlackElo "2039"]
[PlyCount "128"]
[EventDate "2019.??.??"]

1. d4 d5 2. Nf3 Nf6 3. c4 e6 4. Nc3 Be7 5. Bf4 O-O 6. e3 c6 7. g4 Nxg4 8. Rg1
f5 9. h3 Nf6 10. Bh6 Ne8 11. Ne5 Nd7 12. Qh5 Nxe5 13. dxe5 Rf7 14. O-O-O g6 15.
Bd3 Ng7 16. Qe2 Qc7 17. f4 a6 18. Bg5 b5 19. Bxe7 Qxe7 20. cxd5 exd5 21. Bc2
Bb7 22. h4 Qxh4 23. Rh1 Qe7 24. Qh2 Ne6 25. Rdg1 Nf8 26. Rg5 Bc8 27. Ne2 Rg7
28. Rhg1 Ne6 29. R5g3 c5 30. Qh6 Ra7 31. Rd1 Rd7 32. Rd2 Bb7 33. Rg1 Bc6 34.
Rgd1 a5 35. Qh3 Qd8 36. a4 b4 37. e4 b3 38. Bxb3 c4 39. Bc2 dxe4 40. Rd6 Qe8
41. Qc3 Rc7 42. Kb1 Bxa4 43. Qxa5 Bc6 44. Qa6 Rge7 45. Qb6 Qc8 46. Nd4 Bd7 47.
Ne2 Rb7 48. Qa5 Kg7 49. Qe1 Rf7 50. Qc3 Ra7 51. Nd4 Qa8 52. Kc1 Ra1+ 53. Kd2
Rxd1+ 54. Bxd1 Re7 55. Be2 Nxd4 56. Qxd4 Qa5+ 57. Ke3 Be8 58. Qxc4 Qe1 59. Re6
Qg3+ 60. Kd4 Qf2+ 61. Kc3 Qe3+ 62. Kb4 Rb7+ 63. Ka5 Bf7 64. Qa6 Qd2+ 0-1

[Event "OLSW 1819 SC Turm Winterbach - SK Gau-A"]
[Site "?"]
[Date "2019.01.20"]
[Round "5.1"]
[White "Ovsejevitsch, Sergei"]
[Black "Spengler, Hanno"]
[Result "1-0"]
[WhiteElo "2598"]
[BlackElo "2071"]
[PlyCount "73"]
[EventDate "2019.??.??"]

1. e4 e5 2. Nf3 Nf6 3. Nxe5 d6 4. Nf3 Nxe4 5. Bd3 Nf6 6. O-O Be7 7. c4 O-O 8.
Bc2 Bg4 9. d4 d5 10. cxd5 Qxd5 11. Nc3 Qh5 12. h3 Bxf3 13. Qxf3 Qxf3 14. gxf3
c6 15. Re1 Re8 16. Bb3 Na6 17. d5 cxd5 18. Ba4 Nb4 19. Bxe8 Rxe8 20. Rd1 d4 21.
Nb5 Bc5 22. Bf4 Nc6 23. Rac1 Nd5 24. Bg3 Bb6 25. Nd6 Re6 26. Nxb7 f5 27. Nd6
Nce7 28. Re1 Rf6 29. Be5 Rh6 30. Nc4 Bd8 31. Rcd1 Nc6 32. Bxd4 Nf4 33. Be3 Rg6+
34. Kf1 Ng2 35. Re2 Bc7 36. Rd7 Be5 37. Bc1 1-0

[Event "OLSW 1819 SC Turm Winterbach - SK Gau-A"]
[Site "?"]
[Date "2019.01.20"]
[Round "5.2"]
[White "Becker, Thomas"]
[Black "Karsay, Pascal"]
[Result "1-0"]
[WhiteElo "2130"]
[BlackElo "2302"]
[PlyCount "113"]
[EventDate "2019.??.??"]

1. e4 c5 2. c3 Nf6 3. e5 Nd5 4. d4 cxd4 5. cxd4 e6 6. Nf3 d6 7. Nc3 Nxc3 8.
bxc3 Qc7 9. Bd2 Nd7 10. exd6 Bxd6 11. Bd3 Nf6 12. O-O Bd7 13. Re1 O-O 14. Ne5
Rfd8 15. Bg5 Be7 16. Bxf6 Bxf6 17. Bxh7+ Kf8 18. Qf3 Rac8 19. Rac1 Ke7 20. Nxd7
Qxd7 21. Be4 Rc7 22. d5 e5 23. c4 Qd6 24. Qb3 b6 25. g3 Kf8 26. Qa4 Be7 27. Kg2
g6 28. Bd3 f5 29. f4 e4 30. Be2 Qf6 31. Qb3 Bc5 32. Rcd1 g5 33. fxg5 Qxg5 34.
Rf1 Rf7 35. Rf4 Bd6 36. Rdf1 Bxf4 37. Rxf4 Rd6 38. Qe3 Qf6 39. Bh5 Rg7 40. h4
Kg8 41. Qf2 Qe7 42. Rxf5 e3 43. Qf3 Rh6 44. Kf1 e2+ 45. Qxe2 Qxe2+ 46. Bxe2
Rxg3 47. d6 Rxd6 48. c5 Rc6 49. cxb6 axb6 50. Kf2 Ra3 51. Bf3 Rxa2+ 52. Ke3
Ra3+ 53. Kf4 Rc5 54. Bd5+ Kg7 55. Rf7+ Kg6 56. h5+ Kh6 57. Be4 1-0

[Event "OLSW 1819 SC Turm Winterbach - SK Gau-A"]
[Site "?"]
[Date "2019.01.20"]
[Round "5.3"]
[White "Kling, Felix"]
[Black "Hermann, Thomas"]
[Result "1-0"]
[WhiteElo "2164"]
[BlackElo "2101"]
[PlyCount "89"]
[EventDate "2019.??.??"]

1. d4 Nf6 2. Nf3 e6 3. e3 b6 4. Bd3 Bb7 5. O-O c5 6. c4 Be7 7. Nc3 d5 8. cxd5
exd5 9. Bb5+ Nbd7 10. dxc5 Bxc5 11. Ne5 a6 12. Bc6 Bxc6 13. Nxc6 Qc7 14. Nd4
O-O 15. h3 Ne5 16. b3 Rfd8 17. Bb2 Ne4 18. Rc1 Qd6 19. Rc2 Qg6 20. Nce2 Bxd4
21. Nf4 Qf5 22. Qxd4 f6 23. Qxb6 Ng5 24. Rfc1 Nd3 25. Nxd3 Qxd3 26. Rc7 Qg6 27.
Kh1 Qf5 28. Kg1 Qg6 29. h4 Nf3+ 30. Kh1 Nxh4 31. Qe6+ Kh8 32. Qh3 Nf5 33. g4
Nh6 34. f3 Nf7 35. f4 Qe4+ 36. Kg1 Nd6 37. g5 Ne8 38. R7c2 Qd3 39. Rh2 Qg6 40.
f5 Qxg5+ 41. Kh1 h5 42. Rg1 Qh6 43. Rg6 Qh7 44. Qf3 h4 45. Qg4 1-0

[Event "OLSW 1819 SC Turm Winterbach - SK Gau-A"]
[Site "?"]
[Date "2019.01.20"]
[Round "5.4"]
[White "Hell, Manfred"]
[Black "Frede, Lennart"]
[Result "0-1"]
[WhiteElo "2125"]
[BlackElo "2185"]
[PlyCount "66"]
[EventDate "2019.??.??"]

1. d4 Nf6 2. Nf3 e6 3. c4 Bb4+ 4. Nbd2 O-O 5. a3 Be7 6. e4 d6 7. Bd3 Nbd7 8. b4
e5 9. d5 a5 10. Bb2 Re8 11. O-O Nf8 12. Qc2 Ng6 13. c5 Nf4 14. Bb5 Bd7 15. c6
bxc6 16. Bxc6 Bxc6 17. dxc6 Qb8 18. Qb3 Qb5 19. Qc4 Qxc4 20. Nxc4 axb4 21. axb4
Nxe4 22. b5 Nd3 23. Ba3 Reb8 24. Rfd1 Ndxf2 25. Rdb1 Bd8 26. b6 cxb6 27. Nxd6
Ra4 28. Nb5 Rc8 29. c7 Bxc7 30. Rc1 Nd3 31. Rxc7 Rxc7 32. Nxc7 Nc3 33. Nd2 b5
0-1

[Event "OLSW 1819 SC Turm Winterbach - SK Gau-A"]
[Site "?"]
[Date "2019.01.20"]
[Round "5.6"]
[White "Robert, Josef"]
[Black "Erlekam, Simon"]
[Result "1-0"]
[WhiteElo "1955"]
[BlackElo "1879"]
[PlyCount "61"]
[EventDate "2019.??.??"]

1. d4 Nf6 2. Bf4 g6 3. Nc3 Bg7 4. Qd2 d6 5. O-O-O Nbd7 6. e4 c5 7. d5 a6 8. Bh6
Bxh6 9. Qxh6 b5 10. f3 Qa5 11. Kb1 c4 12. a3 Rb8 13. Na2 c3 14. b4 Qxa3 15. Qc1
Qa4 16. Ne2 a5 17. Nexc3 axb4 18. Nxa4 bxa4 19. Rd4 b3 20. cxb3 Nc5 21. b4 Nb3
22. Qc7 Nd7 23. Bb5 O-O 24. Bxd7 Nxd4 25. Bxc8 Rfxc8 26. Qxe7 Nb5 27. Rc1 Rd8
28. Qf6 a3 29. h4 Rd7 30. h5 Nc7 31. Rxc7 1-0

[Event "OLSW 1819 SC Turm Winterbach - SK Gau-A"]
[Site "?"]
[Date "2019.01.20"]
[Round "5.7"]
[White "Grieb, Lukas"]
[Black "Schuetz, Thomas"]
[Result "1/2-1/2"]
[WhiteElo "1769"]
[BlackElo "1887"]
[PlyCount "64"]
[EventDate "2019.??.??"]

1. e4 Nc6 2. d4 d5 3. e5 Bf5 4. Nf3 e6 5. c3 a6 6. Be2 h6 7. O-O Nge7 8. Nh4
Be4 9. Nd2 g5 10. Nhf3 Bg6 11. h3 Nf5 12. g4 Ng7 13. Nh2 h5 14. f4 gxf4 15.
Rxf4 Qh4 16. Qf1 Qg3+ 17. Kh1 hxg4 18. Bxg4 Nf5 19. Qf2 Qxf2 20. Rxf2 Ne3 21.
a4 Be7 22. Ndf3 Nxg4 23. hxg4 Be4 24. Kg1 O-O-O 25. Ng5 Bxg5 26. Bxg5 Rdg8 27.
Bf6 Rxg4+ 28. Kf1 Bd3+ 29. Ke1 Rxh2 30. Rxh2 Rg1+ 31. Kd2 Rxa1 32. Kxd3 Rxa4
1/2-1/2

[Event "OLSW 1819 SK Gau-Algesheim - SK Landau"]
[Site "?"]
[Date "2019.02.03"]
[Round "6.1"]
[White "Muranyi, Karl-Jasmin"]
[Black "Ovsejevitsch, Sergei"]
[Result "0-1"]
[WhiteElo "2332"]
[BlackElo "2598"]
[PlyCount "88"]
[EventDate "2019.??.??"]

1. Nf3 d5 2. c4 d4 3. e4 Nc6 4. d3 e5 5. Be2 Nf6 6. a3 a5 7. Nbd2 a4 8. O-O Be7
9. Ne1 O-O 10. Nc2 Nd7 11. Nb4 Nc5 12. Nxc6 bxc6 13. b4 axb3 14. Nxb3 Na4 15.
Bd2 Ra6 16. Qc2 Bd7 17. Rfb1 Qa8 18. Bd1 c5 19. Nc1 Nb6 20. Ne2 Rxa3 21. Qb2
Rxa1 22. Rxa1 Qc6 23. Ng3 g6 24. Ra7 Ra8 25. Qa3 Kg7 26. h3 Bd6 27. Bg4 Rxa7
28. Qxa7 Qa4 29. Qxa4 Bxa4 30. Ne2 Bc2 31. Nc1 f5 32. Bf3 fxe4 33. Bxe4 Nxc4
34. Be1 Nb2 35. Kf1 c4 36. Ke2 c3 37. Na2 Bd1+ 38. Kf1 c5 39. Nxc3 dxc3 40.
Bxc3 Na4 41. Ba1 Bc2 42. f3 c4 43. dxc4 Bxe4 44. fxe4 Nc5 0-1

[Event "OLSW 1819 SK Gau-Algesheim - SK Landau"]
[Site "?"]
[Date "2019.02.03"]
[Round "6.2"]
[White "Karsay, Pascal"]
[Black "Becking, Stephan"]
[Result "1-0"]
[WhiteElo "2302"]
[BlackElo "2414"]
[PlyCount "87"]
[EventDate "2019.??.??"]

1. Nf3 Nf6 2. g3 d5 3. Bg2 c6 4. O-O Bg4 5. c4 e6 6. cxd5 exd5 7. d3 Be7 8. Qb3
Qb6 9. Qc2 Nbd7 10. Nc3 O-O 11. e4 Qd8 12. h3 Bxf3 13. Bxf3 d4 14. Ne2 c5 15.
b3 Rc8 16. a4 Ne5 17. Bg2 Nc6 18. g4 Nd7 19. Ng3 Nb4 20. Qe2 Ne5 21. Rd1 Ng6
22. f4 Re8 23. g5 Bd6 24. Qf2 Qc7 25. e5 Bf8 26. Be4 Ne7 27. Nh5 Ned5 28. Bd2
g6 29. Bxb4 gxh5 30. Bd2 Ne3 31. Rdc1 Bg7 32. Qh4 Qb6 33. Qxh5 h6 34. Kh1 hxg5
35. Rg1 Bh6 36. a5 Qe6 37. f5 Qxe5 38. Qxh6 f6 39. h4 Re7 40. Bxe3 dxe3 41.
hxg5 Rh7 42. gxf6+ Kh8 43. Qxh7+ Kxh7 44. Ra2 1-0

[Event "OLSW 1819 SK Gau-Algesheim - SK Landau"]
[Site "?"]
[Date "2019.02.03"]
[Round "6.3"]
[White "Bruch, Jochen"]
[Black "Kling, Felix"]
[Result "1-0"]
[WhiteElo "2191"]
[BlackElo "2164"]
[PlyCount "59"]
[EventDate "2019.??.??"]

1. Nf3 d5 2. g3 Nc6 3. d4 Bg4 4. Bg2 e6 5. Bf4 Bd6 6. Bxd6 Qxd6 7. c3 Nf6 8.
Nbd2 O-O 9. O-O e5 10. dxe5 Nxe5 11. Nxe5 Qxe5 12. Re1 c6 13. Qb3 Qc7 14. e4
dxe4 15. Nxe4 Nxe4 16. Bxe4 Rfd8 17. Qc2 h6 18. Re3 Be6 19. Rae1 Rd6 20. Bh7+
Kf8 21. Bf5 Bxf5 22. Qxf5 g6 23. Qf4 g5 24. Qe5 Kg8 25. Qc5 Rd5 26. Re8+ Rxe8
27. Rxe8+ Kg7 28. Qf8+ Kf6 29. g4 Kg6 30. Re7 1-0

[Event "OLSW 1819 SK Gau-Algesheim - SK Landau"]
[Site "?"]
[Date "2019.02.03"]
[Round "6.4"]
[White "Frede, Lennart"]
[Black "Leuranguer, Yannick"]
[Result "1/2-1/2"]
[WhiteElo "2185"]
[BlackElo "2256"]
[PlyCount "66"]
[EventDate "2019.??.??"]

1. e4 e6 2. Nf3 d5 3. Nc3 Nf6 4. d3 Be7 5. Be2 O-O 6. O-O b6 7. Bf4 Bb7 8. e5
Nfd7 9. d4 Ba6 10. Bxa6 Nxa6 11. Re1 Nab8 12. Qe2 a6 13. Nd1 c5 14. c4 dxc4 15.
d5 exd5 16. Ne3 b5 17. Nf5 Nc6 18. e6 Bf6 19. exd7 Qxd7 20. Ng3 g6 21. Rad1 Nb4
22. Be5 Rfe8 23. Qd2 Bxe5 24. Nxe5 Qd6 25. Ng4 Nd3 26. Rxe8+ Rxe8 27. Qg5 Re6
28. Nf5 Qf8 29. Nfh6+ Kg7 30. Nf5+ Kg8 31. Nfh6+ Kg7 32. Qxd5 Qe7 33. h3 f5
1/2-1/2

[Event "OLSW 1819 SK Gau-Algesheim - SK Landau"]
[Site "?"]
[Date "2019.02.03"]
[Round "6.5"]
[White "Bernhardt, Rolf"]
[Black "Erlekam, Simon"]
[Result "1-0"]
[WhiteElo "2237"]
[BlackElo "1879"]
[PlyCount "53"]
[EventDate "2019.??.??"]

1. e4 c5 2. c3 Nf6 3. e5 Nd5 4. d4 cxd4 5. cxd4 Nc6 6. Nf3 d6 7. Bc4 e6 8. O-O
Be7 9. a3 O-O 10. Qe2 a6 11. Qe4 dxe5 12. dxe5 b5 13. Bd3 g6 14. Bh6 Re8 15.
Rd1 Bb7 16. Nbd2 Qc7 17. Rac1 Rad8 18. Nb3 Qb6 19. h4 Nb8 20. Qg4 Nd7 21. h5
Nf8 22. hxg6 hxg6 23. Ng5 Bxg5 24. Qxg5 Rc8 25. Be4 Nh7 26. Qg3 Ne7 27. Be3 1-0

[Event "OLSW 1819 SK Gau-Algesheim - SK Landau"]
[Site "?"]
[Date "2019.02.03"]
[Round "6.6"]
[White "Grieb, Lukas"]
[Black "Silber, Gerhard"]
[Result "1/2-1/2"]
[WhiteElo "1769"]
[BlackElo "2225"]
[PlyCount "52"]
[EventDate "2019.??.??"]

1. e4 d5 2. exd5 Nf6 3. c4 c6 4. Nc3 cxd5 5. d4 e6 6. Bg5 Be7 7. Nf3 O-O 8. Bd3
dxc4 9. Bxc4 Nbd7 10. Ne5 Nxe5 11. dxe5 Nd7 12. Bxe7 Qxe7 13. f4 Rd8 14. Qe2
Nb6 15. Bd3 Nd5 16. Nxd5 Rxd5 17. O-O Bd7 18. Rac1 Rd8 19. Rc3 Bc6 20. a3 Rd4
21. Bxh7+ Kxh7 22. Qh5+ Kg8 23. Rh3 f5 24. Qh8+ Kf7 25. Qh5+ Kg8 26. Qh8+ Kf7
1/2-1/2

[Event "OLSW 1819 SK Gau-Algesheim - SK Landau"]
[Site "?"]
[Date "2019.02.03"]
[Round "6.7"]
[White "Moeldner, Juergen"]
[Black "Friedrich, Marius"]
[Result "0-1"]
[WhiteElo "2239"]
[BlackElo "2068"]
[PlyCount "80"]
[EventDate "2019.??.??"]

1. e4 e5 2. Nf3 Nc6 3. Bc4 Bc5 4. c3 Nf6 5. d3 d6 6. a4 a6 7. Nbd2 O-O 8. O-O
Be6 9. Re1 Qd7 10. Nf1 Bxc4 11. dxc4 Ng4 12. Ne3 Nxe3 13. Bxe3 Bxe3 14. Rxe3
Rad8 15. Qc2 Qe6 16. b3 Ne7 17. Nh4 f5 18. exf5 Nxf5 19. Nxf5 Rxf5 20. Qe4 Rdf8
21. Rh3 h6 22. Rf1 c6 23. Rd3 Rf4 24. Qe2 d5 25. cxd5 cxd5 26. Re3 e4 27. Qd2
Qf7 28. Re2 Kh8 29. Qd4 b5 30. axb5 axb5 31. Rd2 Rf5 32. Ra1 Qg6 33. Qc5 Qf6
34. Rad1 Kh7 35. h3 Rf7 36. Qe3 Qg6 37. Qg3 Rg5 38. Qh2 Qf6 39. Qb8 Qf3 40. Qh2
e3 0-1

[Event "OLSW 1819 SK Gau-Algesheim - SK Landau"]
[Site "?"]
[Date "2019.02.03"]
[Round "6.8"]
[White "Dillmann, Markus"]
[Black "Lang, Matthias"]
[Result "0-1"]
[WhiteElo "2104"]
[BlackElo "2160"]
[PlyCount "54"]
[EventDate "2019.??.??"]

1. c4 Nf6 2. g3 g6 3. Bg2 Bg7 4. Nc3 O-O 5. d3 d6 6. e4 c5 7. Nge2 Nc6 8. O-O
Ne8 9. Rb1 Nc7 10. a3 Bg4 11. f3 Bd7 12. b4 cxb4 13. axb4 b5 14. Be3 Rb8 15. c5
dxc5 16. Bxc5 a5 17. bxa5 Nxa5 18. d4 Na6 19. Nd5 Nxc5 20. dxc5 e6 21. Nb4 Qc8
22. Qc1 Nc4 23. Nd3 Rd8 24. Rd1 Bf8 25. Kh1 Bxc5 26. Nxc5 Qxc5 27. Nd4 Be8 0-1

[Event "OLSW 1819 SV Worms 1878 - SC Turm Winte"]
[Site "?"]
[Date "2019.02.03"]
[Round "6.1"]
[White "Spengler, Hanno"]
[Black "Nasshan, Dennis"]
[Result "0-1"]
[WhiteElo "2071"]
[BlackElo "2312"]
[PlyCount "78"]
[EventDate "2019.??.??"]

1. e4 e6 2. d4 d5 3. Nc3 Nc6 4. Nf3 Nf6 5. exd5 exd5 6. Bb5 Bb4 7. Ne5 O-O 8.
Bxc6 bxc6 9. O-O Bb7 10. Bg5 Re8 11. Qf3 Re6 12. a3 Be7 13. Rfe1 c5 14. dxc5
Bxc5 15. Ng4 Be7 16. Rxe6 fxe6 17. Bxf6 Bxf6 18. Nxf6+ Qxf6 19. Qxf6 gxf6 20.
Na4 Kf7 21. Nc5 Bc6 22. Rd1 Rg8 23. f3 Ke7 24. Kf2 a5 25. Rd4 Kd6 26. Nd3 Be8
27. Rh4 Rg7 28. b4 axb4 29. axb4 Bg6 30. Ke3 e5 31. g4 c6 32. Rh6 Re7 33. Nc5
Ra7 34. h4 Ra3+ 35. Kd2 Rxf3 36. h5 Rh3 37. Nd3 Ke7 38. Nf2 Rh2 39. Ke3 Kf8 0-1

[Event "OLSW 1819 SV Worms 1878 - SC Turm Winte"]
[Site "?"]
[Date "2019.02.03"]
[Round "6.2"]
[White "Feldmann, Johannes"]
[Black "Becker, Thomas"]
[Result "1/2-1/2"]
[WhiteElo "2212"]
[BlackElo "2130"]
[PlyCount "86"]
[EventDate "2019.??.??"]

1. d4 d5 2. c4 e6 3. Nc3 c5 4. e3 Nf6 5. Nf3 a6 6. a3 dxc4 7. Bxc4 b5 8. Bd3
Bb7 9. O-O Nbd7 10. Qe2 Be7 11. Rd1 Qc7 12. Bd2 O-O 13. Rac1 Qb6 14. dxc5 Nxc5
15. Bc2 Nce4 16. Be1 Rfd8 17. Nd4 Nxc3 18. Bxc3 Nd5 19. Be1 Bf6 20. Bb3 Nf4 21.
exf4 Bxd4 22. Bc3 Qc6 23. Qg4 Bxc3 24. Rxc3 Rxd1+ 25. Bxd1 Qe4 26. Re3 Qb1 27.
Re1 Qxb2 28. f5 Bd5 29. fxe6 Bxe6 30. Qb4 Qxb4 31. axb4 Rd8 32. Bf3 Rd4 33. Bb7
Rxb4 34. Bxa6 Kf8 35. f4 g6 36. Re5 Rb1+ 37. Kf2 b4 38. Bd3 Rb3 39. f5 Bd7 40.
Rd5 Rb2+ 41. Ke3 Bxf5 42. Bxf5 Rxg2 43. Be4 Rxh2 1/2-1/2

[Event "OLSW 1819 SV Worms 1878 - SC Turm Winte"]
[Site "?"]
[Date "2019.02.03"]
[Round "6.3"]
[White "Hermann, Thomas"]
[Black "Ollenberger, Roland"]
[Result "1-0"]
[WhiteElo "2101"]
[BlackElo "2272"]
[PlyCount "59"]
[EventDate "2019.??.??"]

1. d4 g6 2. Bf4 Bg7 3. Nc3 d5 4. e3 Nf6 5. h4 Bf5 6. Be2 h5 7. Nf3 c6 8. Ne5
Nbd7 9. O-O Ne4 10. Nxe4 Bxe4 11. Bd3 Nxe5 12. dxe5 Bxd3 13. Qxd3 e6 14. Bg5
Qb6 15. Qa3 c5 16. Qa4+ Kf8 17. f4 Qc6 18. Qxc6 bxc6 19. c4 Ke8 20. Rac1 Rc8
21. Rc2 Kd7 22. Rfc1 Bf8 23. Rc3 Rb8 24. Ra3 Rb7 25. Rcc3 Kc7 26. Ra6 Rxb2 27.
Rxa7+ Kb6 28. Rca3 dxc4 29. Bd8+ Kb5 30. Rb7# 1-0

[Event "OLSW 1819 SV Worms 1878 - SC Turm Winte"]
[Site "?"]
[Date "2019.02.03"]
[Round "6.4"]
[White "Steinkohl, Thomas"]
[Black "Hell, Manfred"]
[Result "1-0"]
[WhiteElo "2220"]
[BlackElo "2125"]
[PlyCount "55"]
[EventDate "2019.??.??"]

1. e4 e6 2. d4 d5 3. Nc3 Bb4 4. e5 c5 5. a3 Bxc3+ 6. bxc3 Qa5 7. Bd2 Qa4 8. Qb1
c4 9. h4 Nc6 10. h5 h6 11. Ne2 Nge7 12. g4 b6 13. Rh3 Bd7 14. Rf3 Rf8 15. g5
hxg5 16. Bxg5 Nf5 17. Bh3 f6 18. Bxf5 exf5 19. exf6 gxf6 20. Bf4 O-O-O 21. Kd2
Rde8 22. Re3 Re4 23. Qg1 Rfe8 24. h6 Ne5 25. dxe5 fxe5 26. Bxe5 R4xe5 27. Rxe5
Rxe5 28. Nd4 1-0

[Event "OLSW 1819 SV Worms 1878 - SC Turm Winte"]
[Site "?"]
[Date "2019.02.03"]
[Round "6.5"]
[White "Sahm, Philipp"]
[Black "Helbig, Daniel"]
[Result "0-1"]
[WhiteElo "2033"]
[BlackElo "2226"]
[PlyCount "74"]
[EventDate "2019.??.??"]

1. Nc3 c5 2. e4 Nc6 3. f4 g6 4. Nf3 Bg7 5. Bc4 e6 6. O-O Nge7 7. Qe1 O-O 8. e5
d6 9. d3 dxe5 10. fxe5 Nxe5 11. Nxe5 Qd4+ 12. Be3 Qxe5 13. Qf2 b6 14. Nb5 Nf5
15. Bf4 Qxb2 16. Qf3 Bd7 17. Rab1 Qf6 18. Nc7 Rad8 19. Qb7 Qh4 20. Qe4 Bd4+ 21.
Kh1 e5 22. g3 Qf6 23. Bh6 Bc6 24. Bd5 Rxd5 25. Nxd5 Qd8 26. c4 Bxd5 27. cxd5
Nxh6 28. Qf3 Qd7 29. Rbe1 f5 30. h3 Rd8 31. Kh2 Qxd5 32. Qe2 Nf7 33. g4 f4 34.
h4 Be3 35. a3 Qxd3 36. Qa2 Qd5 37. Qc2 Qd2+ 0-1

[Event "OLSW 1819 SV Worms 1878 - SC Turm Winte"]
[Site "?"]
[Date "2019.02.03"]
[Round "6.6"]
[White "Schluchter, Steffen"]
[Black "Robert, Josef"]
[Result "1/2-1/2"]
[WhiteElo "2128"]
[BlackElo "1955"]
[PlyCount "62"]
[EventDate "2019.??.??"]

1. d4 Nf6 2. Bf4 d5 3. e3 e6 4. c3 Bd6 5. Bg3 c5 6. Nd2 Nc6 7. Ngf3 Bxg3 8.
hxg3 Qd6 9. Bb5 Bd7 10. Bxc6 Bxc6 11. Ne5 Nd7 12. Ndf3 h6 13. Nxd7 Bxd7 14. Ne5
cxd4 15. exd4 Ke7 16. Qg4 Rhg8 17. O-O-O Be8 18. Rxh6 Qa6 19. Rh7 Qxa2 20. Nd3
Ba4 21. Re1 Rac8 22. Kd2 Bb5 23. Re2 Rxc3 24. Rxe6+ Kf8 25. Re8+ Kxe8 26. Qe2+
Kf8 27. Kxc3 Qc4+ 28. Kd2 Qxd3+ 29. Qxd3 Bxd3 30. Kxd3 Ke7 31. g4 g6 1/2-1/2

[Event "OLSW 1819 SV Worms 1878 - SC Turm Winte"]
[Site "?"]
[Date "2019.02.03"]
[Round "6.7"]
[White "Schuetz, Thomas"]
[Black "Martin, Mike"]
[Result "0-1"]
[WhiteElo "1887"]
[BlackElo "2146"]
[PlyCount "104"]
[EventDate "2019.??.??"]

1. d4 c5 2. d5 Nf6 3. c4 b5 4. cxb5 a6 5. b6 d6 6. Nc3 Nbd7 7. e4 g6 8. Bd3 Bg7
9. Nf3 O-O 10. Bd2 Nxb6 11. h3 Bd7 12. Qe2 Qc8 13. Rc1 e5 14. b3 Nh5 15. a4 Ra7
16. g4 Nf4 17. Bxf4 exf4 18. Qd2 f5 19. gxf5 gxf5 20. a5 Na8 21. Rg1 Qd8 22.
Ng5 Qxa5 23. Ne6 Bxe6 24. dxe6 fxe4 25. Bxe4 Kh8 26. Nd5 Qd8 27. e7 Rxe7 28.
Nxe7 Qxe7 29. f3 Bd4 30. Rg4 d5 31. Rxf4 Rg8 32. Rg4 Rxg4 33. fxg4 Qxe4+ 34.
Qe2 Nc7 35. Qxe4 dxe4 36. b4 Ne6 37. bxc5 Bxc5 38. Rc4 e3 39. Ke2 Kg7 40. Ra4
a5 41. h4 Kf6 42. Kf3 Ke5 43. g5 Kd5 44. Rxa5 Nd4+ 45. Kxe3 Nb3+ 46. Rxc5+ Nxc5
47. h5 Ne6 48. Kf3 Ke5 49. Kg4 Ke4 50. h6 Nf8 51. Kh5 Kf5 52. Kh4 Ne6 0-1

[Event "OLSW 1819 SC Caissa Schwarzenbach - SC "]
[Site "?"]
[Date "2019.02.03"]
[Round "6.1"]
[White "Winterberg, Lukas"]
[Black "Frischmann, Rick"]
[Result "0-1"]
[WhiteElo "2381"]
[BlackElo "2321"]
[PlyCount "60"]
[EventDate "2019.??.??"]

1. d4 Nf6 2. c4 c5 3. d5 b5 4. cxb5 a6 5. bxa6 g6 6. Nc3 Bg7 7. a7 Rxa7 8. e4
O-O 9. Nf3 e6 10. dxe6 fxe6 11. Be2 Bb7 12. e5 Ng4 13. Nb5 Ra8 14. Nd6 Bd5 15.
O-O Nc6 16. Ng5 Nxh2 17. Nb7 Qb6 18. Kxh2 Qxb7 19. f4 Nxe5 20. fxe5 Bxe5+ 21.
g3 Qb4 22. Nh3 Qe4 23. Rg1 Bd4 24. Nf4 Rxf4 25. gxf4 Bxg1+ 26. Qxg1 Qxe2+ 27.
Kg3 Qf3+ 28. Kh4 Rf8 29. Qe3 Qh5+ 30. Kg3 g5 0-1

[Event "OLSW 1819 SC Caissa Schwarzenbach - SC "]
[Site "?"]
[Date "2019.02.03"]
[Round "6.2"]
[White "Wild, Achim"]
[Black "Boidman, Yuri"]
[Result "0-1"]
[WhiteElo "2269"]
[BlackElo "2340"]
[PlyCount "56"]
[EventDate "2019.??.??"]

1. Nf3 Nf6 2. c4 d6 3. d4 Nbd7 4. Nc3 e5 5. e4 Be7 6. Be2 c6 7. O-O O-O 8. Be3
a6 9. d5 c5 10. a3 Ne8 11. b4 b6 12. Rb1 g6 13. Ne1 Bg5 14. Bxg5 Qxg5 15. Nd3
Ng7 16. Kh1 f5 17. Rb3 fxe4 18. Nxe4 Qe7 19. Qd2 Nf5 20. Bg4 Nd4 21. Rbb1 Nf6
22. Nxf6+ Qxf6 23. Bxc8 Raxc8 24. bxc5 bxc5 25. Qe3 Rb8 26. Qe4 Qf5 27. Qe3
Rxb1 28. Rxb1 e4 0-1

[Event "OLSW 1819 SC Caissa Schwarzenbach - SC "]
[Site "?"]
[Date "2019.02.03"]
[Round "6.3"]
[White "Schulz, Klaus-Juergen"]
[Black "Gress, Alexander"]
[Result "1-0"]
[WhiteElo "2332"]
[BlackElo "2207"]
[PlyCount "77"]
[EventDate "2019.??.??"]

1. e4 c5 2. Nf3 d6 3. c3 Nf6 4. Be2 e5 5. O-O Be7 6. Re1 O-O 7. Bf1 Bg4 8. h3
Bh5 9. d3 Nc6 10. Nbd2 b5 11. g4 Bg6 12. Nh4 b4 13. Bg2 Rb8 14. Nc4 Ne8 15. Nf5
Nc7 16. Qa4 Nb5 17. Qa6 Bxf5 18. exf5 d5 19. Qxc6 dxc4 20. dxc4 Rb6 21. Qe4 Nd6
22. Qe2 bxc3 23. bxc3 e4 24. Be3 Qc7 25. Rad1 Bf6 26. Rd5 Bxc3 27. Rxc5 Qe7 28.
Rc1 Rb2 29. Qd1 Bb4 30. Rd5 Rc8 31. c5 Nb5 32. Rd7 Qe8 33. Bf1 Nc3 34. Qd6 Qf8
35. Qd4 h6 36. Rxc3 Bxc3 37. Qxc3 Rxa2 38. Bc4 Ra4 39. Rxf7 1-0